| 000 | 005010000a22001810004500 | ||
|---|---|---|---|
| 003 | MACL | ||
| 005 | 20160228171012.0 | ||
| 008 | 160228b xxu||||| |||| 00| 0 eng d | ||
| 040 |
_aMACL _cMACL |
||
| 041 | _aHindi | ||
| 082 | _a800 | ||
| 100 |
_aनिशांतकेतु _941474 |
||
| 245 | _aललित चिंतन | ||
| 260 |
_bसीमान्त प्रकाशन _c1989 _aदिल्ली |
||
| 350 | _a45 | ||
| 650 |
_aLiteracture _941475 |
||
| 942 |
_cHIN _k800 _2ddc |
||
| 999 |
_c29363 _d29363 |
||